| 000 | 00484cam a2200205ua 4500 | ||
|---|---|---|---|
| 020 | _c$12.95 | ||
| 041 |
_aeng _h |
||
| 082 |
_a509 _bBER/SC |
||
| 100 | _aBernal, J.D . | ||
| 245 |
_aScience in history / _cJ.D Bernal. _hTextual Documents |
||
| 250 |
_a3 / _b. |
||
| 260 |
_aNew York : _bHawthorn Publishers , _c1965. |
||
| 300 | _a1039 ; . | ||
| 365 | _a$12.95 | ||
| 500 | _a**Reference | ||
| 504 | _a | ||
| 942 | _cBK | ||
| 999 |
_c7733 _d7733 |
||